Voyage en Chine et en Tartarie, por Lord Macartney, Ambassadeur du Roi d'Anglaterre
Gespeichert in:
| Hauptverfasser: | , , |
|---|---|
| Format: | Buch |
| Sprache: | Französisch |
| Veröffentlicht: |
París
Chez P. Duménil, Éditeur
1844
|
| Ausgabe: | 1a. ed |
| Schriftenreihe: | Nouvelle Bibliothèque des Voyages anciens et modernes, 11
|
| Schlagworte: | |
| Tags: |
Tag hinzufügen
Keine Tags, Fügen Sie den ersten Tag hinzu!
|
MARC
| LEADER | 00000nam a2200000 a 4500 | ||
|---|---|---|---|
| 001 | UCJ7501 | ||
| 003 | CL-VaPUC | ||
| 008 | 070124e18440000FR |||||||||||||||||fre|d | ||
| 082 | 0 | 4 | |a 910.4 |b MAC |2 21 |
| 100 | |a Macartney, Lord Jorge, |c Conde de |e autor |9 515962 | ||
| 700 | 0 | |a Klaproth, Enrique Julio |e author |9 515963 | |
| 700 | 0 | |a Tancoigne, M. |e author |9 515964 | |
| 245 | 1 | 0 | |a Voyage en Chine et en Tartarie, por Lord Macartney, Ambassadeur du Roi d'Anglaterre |
| 246 | 1 | 0 | |a Voyage au mont Caucase |
| 246 | 1 | 0 | |a Voyage en Egypte et en Arabie, 1761-17639, suivi d'une description de l'Arabie d'après les voyages modernes de Burckhardt, Rupell et Léon de Laborde |
| 246 | 1 | 0 | |a Voyage de Saint Petersbourg a Tauris |
| 246 | 1 | 0 | |a Voyage de Constantinople a Smyrne et dans l'île de Candie |
| 250 | |a 1a. ed | ||
| 300 | |a 412 p | ||
| 942 | |c BK | ||
| 945 | |d 20070124 00:00:00 |a rinostro | ||
| 260 | |a París |b Chez P. Duménil, Éditeur |c 1844 | ||
| 500 | |a Ilustraciones y mapa conformes a lo señalado en índice | ||
| 650 | 0 | |a Viajes |9 257115 | |
| 650 | 0 | |a Descubrimientos geográficos |9 331933 | |
| 650 | 0 | |a Aborígenes |9 329972 | |
| 650 | 7 | |a FLORA |2 CL-VaPUC |9 264745 | |
| 650 | 7 | |a FAUNA |2 CL-VaPUC |9 349523 | |
| 650 | 0 | |a Cultura |9 269059 | |
| 650 | 0 | |a Árabes |9 316264 | |
| 650 | 7 | |a BEDUINOS |2 CL-VaPUC |9 505756 | |
| 650 | 0 | |a Recursos naturales |9 255232 | |
| 650 | 0 | |a Ilustraciones |9 369481 | |
| 651 | 7 | |a ARABIA |2 CL-VaPUC |9 334867 | |
| 651 | 7 | |a CONSTANTINOPLA |2 CL-VaPUC |9 342299 | |
| 651 | 7 | |a ESTAMBUL |2 CL-VaPUC |9 515965 | |
| 651 | 0 | |a China |9 257545 | |
| 651 | 7 | |a TARTARIA |2 CL-VaPUC |9 509100 | |
| 583 | |a last modification |c 20070124 00:00:00 |k Rodrigo Vera | ||
| 490 | 0 | |a Nouvelle Bibliothèque des Voyages anciens et modernes, 11 | |
| 999 | |c 323585 |d 323583 | ||
| 952 | |0 0 |1 0 |4 0 |6 910_400000000000000_MAC_1844 |7 0 |8 X |9 403326 |a FDOBUD |b FDOBUD |d 2019-11-22 |i 106519K |o 910.4 MAC 1844 |p 106519K |r 2019-11-22 |w 2019-11-22 |y BK_X |k BUD | ||